| 000 | 00511nam a22001817a 4500 | ||
|---|---|---|---|
| 999 |
_c5301 _d5301 |
||
| 003 | GBCCL | ||
| 005 | 20241126110538.0 | ||
| 008 | 180313b ||||| |||| 00| 0 eng d | ||
| 040 | _cGBC | ||
| 082 |
_aVER 230.28 _bGUI |
||
| 100 |
_aGuite, Paukhanmang _99561 |
||
| 245 |
_aSaptuam Pawl Tuamtuamte' Thu-up Sinsak Tomlak / _cPaukhanmang Guite |
||
| 250 | _aRevised & Enlarged ed. | ||
| 260 |
_aNew Lamka: _bConvention Press, _c2013 |
||
| 300 |
_a128 p.; _c21 cm. |
||
| 650 |
_aDoctrines _99562 |
||
| 942 |
_2ddc _cBK _04 |
||